<?xml version="1.0" encoding="UTF-8"?>
<record
    xmlns:xsi="http://www.w3.org/2001/XMLSchema-instance"
    xsi:schemaLocation="http://www.loc.gov/MARC21/slim http://www.loc.gov/standards/marcxml/schema/MARC21slim.xsd"
    xmlns="http://www.loc.gov/MARC21/slim">

  <leader>02365cab a2200325Ia 45 0</leader>
  <controlfield tag="001">u212872</controlfield>
  <controlfield tag="003">SIRSI</controlfield>
  <controlfield tag="008">101023s2016    ua     ss b         eng d</controlfield>
  <datafield tag="040" ind1=" " ind2=" ">
    <subfield code="a">EAL</subfield>
  </datafield>
  <datafield tag="041" ind1=" " ind2=" ">
    <subfield code="a">eng</subfield>
    <subfield code="b">ara</subfield>
  </datafield>
  <datafield tag="090" ind1=" " ind2=" ">
    <subfield code="a">ART MJAR V41 No1 Pt1 1</subfield>
  </datafield>
  <datafield tag="100" ind1="1" ind2=" ">
    <subfield code="a">Awad, M. A.</subfield>
  </datafield>
  <datafield tag="240" ind1="1" ind2="0">
    <subfield code="a">Minufiya journal of agricultural research, 2016 v.41 (1)</subfield>
    <subfield code="n">Part 1</subfield>
    <subfield code="h">[electronic resource].</subfield>
  </datafield>
  <datafield tag="245" ind1="1" ind2="0">
    <subfield code="a">Plant extracts as antifungal factors against postharvest cucumber fruit rot</subfield>
    <subfield code="h">[electronic resource].</subfield>
  </datafield>
  <datafield tag="246" ind1="1" ind2="5">
    <subfield code="a">&#x627;&#x644;&#x645;&#x633;&#x62A;&#x62E;&#x644;&#x635;&#x627;&#x62A; &#x627;&#x644;&#x646;&#x628;&#x627;&#x62A;&#x64A;&#x629; &#x643;&#x645;&#x636;&#x627;&#x62F;&#x627;&#x62A; &#x644;&#x644;&#x641;&#x637;&#x631;&#x64A;&#x627;&#x62A; &#x627;&#x644;&#x645;&#x633;&#x628;&#x628;&#x629; &#x644;&#x639;&#x641;&#x646; &#x627;&#x644;&#x62B;&#x645;&#x627;&#x631; &#x641;&#x64A; &#x627;&#x644;&#x62E;&#x64A;&#x627;&#x631; &#x628;&#x639;&#x62F; &#x627;&#x644;&#x62D;&#x635;&#x627;&#x62F;.</subfield>
  </datafield>
  <datafield tag="300" ind1=" " ind2=" ">
    <subfield code="a">P.1-15.</subfield>
  </datafield>
  <datafield tag="504" ind1=" " ind2=" ">
    <subfield code="a">Includes references.</subfield>
  </datafield>
  <datafield tag="520" ind1=" " ind2=" ">
    <subfield code="a">Eight plant extract materials were involved in these studies to control cucumber fruit rot disease i.e., Cinnamon, Ginger, Thyme, Marjoram, Clove, Garlic, Galls and Nigella. The most aggressive fungal pathogen isolates from seven pathogenic fungi were tested in these trials i.e., Fusarium moniliforme (isolate 2), Fusarium oxysporium (isolate 1), Fusarium solani (isolate 1), Fusarium subglutinans (isolate 1), Botrytis cinerea (isolate 3), Sclerotinia sclerotiorum (isolate 3) and Macrophomina phaseo/ina. Three concentrations of each plant extract i.e.3, 5 and 10% were used in these experiments. All plant extracts were effective in growth inhibition of the seven fungal pathogens and various in effects with the three tested concentrations. The most effective plant extract was Garlic at the three tested concentration followed by Thyme on most of the tested fugal pathogen in petri dish under laboratory conditions. All tested plant extracts were affected on disease index; Galls followed by Thyme were the most effective extracts at 3% concentration.   Key words: Cucumber fruit rot, biocontrol, plant extracts.</subfield>
  </datafield>
  <datafield tag="546" ind1=" " ind2=" ">
    <subfield code="a">Summary in Arabic.</subfield>
  </datafield>
  <datafield tag="650" ind1=" " ind2="0">
    <subfield code="a">Cucumbers</subfield>
    <subfield code="x">Diseases and pests</subfield>
    <subfield code="x">Biological control</subfield>
  </datafield>
  <datafield tag="650" ind1=" " ind2="0">
    <subfield code="a">Cucumbers</subfield>
    <subfield code="x">Postharvest diseases and injuries.</subfield>
  </datafield>
  <datafield tag="650" ind1=" " ind2="0">
    <subfield code="a">Plant extracts</subfield>
  </datafield>
  <datafield tag="650" ind1=" " ind2="0">
    <subfield code="a">Antifungal agents</subfield>
  </datafield>
  <datafield tag="650" ind1=" " ind2="3">
    <subfield code="a">plant rots</subfield>
  </datafield>
  <datafield tag="700" ind1="1" ind2=" ">
    <subfield code="a">Khalifa, E. Z.</subfield>
  </datafield>
  <datafield tag="700" ind1="1" ind2=" ">
    <subfield code="a">Shebl, Asmaa M.</subfield>
  </datafield>
  <datafield tag="773" ind1="0" ind2=" ">
    <subfield code="t">Minufiya Journal of Agricultural Research. </subfield>
    <subfield code="g">2016.v.41(1)</subfield>
    <subfield code="n">Part 1</subfield>
    <subfield code="x">1110-0265</subfield>
    <subfield code="7">nnas</subfield>
    <subfield code="w">u158151</subfield>
  </datafield>
  <datafield tag="856" ind1="4" ind2="0">
    <subfield code="u">http://nile.enal.sci.eg/EALE/2016/MJAR/4116/1p1/1.pdf</subfield>
    <subfield code="z">Full Text Article</subfield>
  </datafield>
  <datafield tag="596" ind1=" " ind2=" ">
    <subfield code="a">1</subfield>
  </datafield>
  <datafield tag="942" ind1=" " ind2=" ">
    <subfield code="c">AR</subfield>
    <subfield code="2">lcc</subfield>
  </datafield>
  <datafield tag="952" ind1=" " ind2=" ">
    <subfield code="0">0</subfield>
    <subfield code="1">0</subfield>
    <subfield code="2">alc</subfield>
    <subfield code="4">0</subfield>
    <subfield code="7">0</subfield>
    <subfield code="a">ENAL</subfield>
    <subfield code="b">ENAL</subfield>
    <subfield code="d">2019-12-11</subfield>
    <subfield code="l">0</subfield>
    <subfield code="o">ART MJAR V41 No1 Pt1 1</subfield>
    <subfield code="r">2019-12-11 00:00:00</subfield>
    <subfield code="w">2019-12-11</subfield>
    <subfield code="y">AR</subfield>
  </datafield>
  <datafield tag="999" ind1=" " ind2=" ">
    <subfield code="c">61578</subfield>
    <subfield code="d">61578</subfield>
  </datafield>
</record>
